1171 1701 1870 1424 1820 1192 1749 1564 1801 1659 1208 1306 1131 1083 1000 1894 1426 1933 1241 1288 1368 1872 1023 1683 1339 1699 1445 1528 1901 1192 1471 1071 1680 1193 1361 1982 1963 1847 1287 1810 1871 1173 1512 1892 1314 1314 1169 1682 1390 1769 1357 1482 1603 1304 1858 1517 1622 1043 1393 1547 1019 1491 1246 1037 1048 1389 1557 1725 1199 1051 1142 1784 1260 1898 1762 1359 1304 1970 1023 1187 1814 1478 1447 1531 1231 1702 1152 1137 1312 1065 1478 1855 1274 1334 1831 1371 1098 1014 1051 BCNSPRNW ULIB Ver.6.0+V

เปลี่ยนเป็นภาษาไทย

Change to English
 แสดงรายละเอียดบรรณานุกรม
  กลับหน้าหลัก

Brief Record : Get Marc (ISO 2709) : E-mail record : QR code < ปิดหน้าต่าง
LEADER : 00000nam 2200000uu 4500
001    13399121036
003     ULIB
008    12103122549|||||||th 000 0 th
020    974989006x
099    วพ.WY161^bช617ผ
100 0  ชุติมา มีชำนาญ
245 00 ผลของการให้ข้อมูลก่อนและระหว่างการผ่าตัดต่อความวิตกกังวลของสมาชิกครอบครัวผู้ป่วยที่ได้รับการผ่าตัดเปิดกะโหลกศีรษะ/^cชุติมา มีชำนาญ
260    เชียงใหม่:^bวิทยานิพนธ์พยาบาลศาสตรมหาบัณฑิต มหาวิทยาลัยเชียงใหม่,^c2549
300    122 หน้า
650  0 การผ่าตัดกะโหลกศีรษะ^x;bวิทยานิพนธ์
945    ^p0^l0^i032874
995    เกษร
999    ^aวิภา
รายการนี้ยังไม่มีแท็ก
คุณยังไม่ได้ล็อกอิน คุณสามารถมีกิจกรรมร่วมกับเว็บไซต์ได้ แต่ต้องล็อกอินก่อน ::
  ล็อกอิน

รายการสื่อสารสนเทศ

ลำดับที่ ประเภท เลขเรียก/บาร์โค้ด สถานที่ สถานะ
1. วิทยานิพนธ์
วิทยานิพนธ์
วพ.WY161 ช617ผ  
  Barcode: 032874
ห้องสมุดวิทยาเขตสวรรค์ประชารักษ์
►วิจัย
บนชั้น

BibComment


ยังไม่เคยถูกคอมเมนท์

คอมเมนท์ทรัพยากรรายการนี้
  คอมเมนท์: ผลของการให้ข้อมูล..


 Copyright 2026. Bcnsprnw @Library